Introduction to environmental law cases and materials on water pollution control /

Detalles Bibliográficos
Autor principal: Miller, Jeffrey G.
Otros Autores: Powers, Ann, Elder, Nancy Long, Coplan, Karl S.
Formato: eBook
Lenguaje:inglés
Publicado: Washington DC: Environmental Law Institute, 2017
Edición:2da. Edicin̤
Materias:
Acceso en línea:Acceso restringido

MARC

LEADER 00000nam a22000007a 4500
005 20220919213356.0
007 cr|||| ||||
008 220919s2017 us |||||s|||| 00||0 eng d
020 |a 978-1-58576-187-6 
035 |a 36377 
040 |a vLex 
090 |c 13936  |d 13936 
100 1 |a Miller, Jeffrey G. 
245 1 0 |a Introduction to environmental law  |h [Recurso electrn̤ico] :  |b cases and materials on water pollution control /  |c Jeffrey G. Miller, Ann Powers, Nancy Long Elder, Karl S. Coplan 
250 |a 2da. Edicin̤ 
256 |a Servicio en ln̕ea 
260 |a Washington DC:  |b Environmental Law Institute,  |c 2017 
300 |a 1 recurso electrn̤ico 
500 |a As with most areas of environmental law, the study of water pollution control is the study of an interlocking web of statutes and their administration. The federal statute chiefly designed to control water pollution is the Clean Water Act, but many other federal statutes regulate water pollution, be it directly as with the Safe Drinking Water Act, or incidentally as with the Resource Conservation and Recovery Act. And before any of those laws were even enacted, the common law was the primary vehicle used to address water pollution. Even today, tort law plays a role in adjudicating water pollution disputes between parties for damages.This 2d Edition of Introduction to Environmental Law: Cases and Materials on Water Pollution Control provides students with an understanding of what constitutes water pollution, where it originates, and how it can be controlled. It offers an in-depth exploration of how water pollution is addressed under common law and statute. Originally designed for students new to environmental law, the book is perfect for introductory or advanced courses on water pollution control in the United States. 
506 1 |a Disponible solo en los productos indicados  |d vLex Global  |d vLex Global (Academic Edition, excluding Law Schools)  |d vLex Global (Academic Edition, Law Schools) 
650 0 4 |a Derecho del Medio Ambiente  |z Estados Unidos 
700 1 |a Powers, Ann 
700 1 |a Elder, Nancy Long 
700 1 |a Coplan, Karl S. 
740 0 |a vLex Libros (Servicio en ln̕ea) 
856 4 0 |u https://app.vlex.com/#/sources/36377  |z Acceso restringido 
942 |c BOOK 
999 0 |a Environmental Law